000 01666nam a2200409 c 4500
999 _c79135
_d79135
003 BLK
005 20240403005405.0
008 180408b bul|||||r ||||||| ||bul||
010 _aKNG00083608000
020 _a954-337-025-7
040 _aBLK
041 _aBUL
_cBUL
_hEST
072 7 _2bullib
_aК
_xКраезнание
080 _aЕстонска литература
_b821.511.113
_x-1
_z821.511.113-1
100 1 _aАлвер, Бети
_eпърви автор
_930075
139 _aАлвер, Бети
_bА 48
245 1 0 _aСребърна флейта
_bСтихотворения
_cБети Алвер; прев. от ест. Дора Стоянова Янева-Медникарова; ред. Огнян Стамболиев; худож. Роберто Андреев.
246 1 1 _aHobehaalega vilespill : luuletusi
257 _aEST
260 _bАвангард принт
_c2006
300 _a86 с.
_c22 см
380 _aX
500 _aПарал. текст на ест. ез. - Съдържа и за авт. , за прев.
659 _aК
700 1 _aЯнева-Медникарова, Дора Стоянова
_eпрев. от ест.
_9365173
700 _aСтамболиев, Огнян Тодоров
_d1947-
_gФилолог, журналист, преводач
_9365958
700 1 _aАндреев, Роберто
_eхудож.
_9365967
720 _aBetti Alver
_eпаралелен автор
852 _aЦб 239876
852 _aК 821/А 48 Б
856 4 _qpdf
856 4 _qpdf
942 _cKNG
_n0
_s1
944 _aCR
_c08.05.2008
_k
_lCRON CRON
944 _aED
_c27.01.2010
999 _d79135